Particle physics and astrophysics current view points (Record no. 9736)

MARC details
000 -LEADER
fixed length control field 00965nam a2200217Ia 4500
003 - CONTROL NUMBER IDENTIFIER
control field IN-BaIIA
008 - FIXED-LENGTH DATA ELEMENTS--GENERAL INFORMATION
fixed length control field 211028s9999 xx 000 0 eng d
020 ## - INTERNATIONAL STANDARD BOOK NUMBER
International Standard Book Number 3-540-50699-3
040 ## - CATALOGING SOURCE
Transcribing agency IIA Library
080 ## - UNIVERSAL DECIMAL CLASSIFICATION NUMBER
Universal Decimal Classification number 524(082.2)
Item number MIT
100 ## - MAIN ENTRY--PERSONAL NAME
Personal name Mittter, H.
9 (RLIN) 16469
111 ## - MAIN ENTRY--MEETING NAME
Meeting name or jurisdiction name as entry element Universitatswochen Fur Kernphysik Schladming on Particle Physics and Astrophysics Current View Points
Number of part/section/meeting 27th
Location of meeting Austria
Date of meeting or treaty signing 1988
9 (RLIN) 16470
245 #0 - TITLE STATEMENT
Title Particle physics and astrophysics current view points
Remainder of title proceedings of the XXVII Universitatswochen Fur Kernphysik Schladming on particle physics and Astrophysics current view points, held in Austria, February 1988
Statement of responsibility, etc. H. Mittter and F. Widder
260 ## - PUBLICATION, DISTRIBUTION, ETC.
Place of publication, distribution, etc. Berlin
Name of publisher, distributor, etc. Springer-Verlag
Date of publication, distribution, etc. 1988
300 ## - PHYSICAL DESCRIPTION
Extent x, 309p.
650 ## - SUBJECT ADDED ENTRY--TOPICAL TERM
Topical term or geographic name entry element Astronomy and Astrophysics Thesaurus
650 ## - SUBJECT ADDED ENTRY--TOPICAL TERM
Topical term or geographic name entry element Astrophysics
9 (RLIN) 794
650 ## - SUBJECT ADDED ENTRY--TOPICAL TERM
Topical term or geographic name entry element Elementary particle Physics
9 (RLIN) 1932
700 ## - ADDED ENTRY--PERSONAL NAME
Personal name Widder, F
9 (RLIN) 16471
942 ## - ADDED ENTRY ELEMENTS (KOHA)
Koha item type Books
Holdings
Withdrawn status Lost status Damaged status Not for loan Home library Current library Shelving location Date acquired Cost, normal purchase price Total Checkouts Full call number Barcode Date last seen Cost, replacement price Price effective from Koha item type Purchase Price
        IIA Library-Bangalore IIA Library-Bangalore General Stacks   952.30   524(082.2)/ MIT 10646 05/11/2021 952.30   Books Rs. 952.30

Powered by Koha